LEADER 01166cam0-22004211i-450 001 990008002920403321 005 20230508111418.0 010 $a88-06-16445-7 035 $a000800292 035 $aFED01000800292 035 $a(Aleph)000800292FED01 100 $a20050211d2002----km-y0itay50------ba 101 0 $aita 102 $aIT 105 $aa-------001yy 200 1 $aItalia S.p.a.$el'assalto al patrimonio culturale$fSalvatore Settis 210 $aTorino$cEinaudi$dc2002 215 $a149 p.$cill.$d20 cm 225 1 $a<>struzzi$v554 610 0 $aBeni culturali$aEconomia 610 0 $aPatrimonio artistico$aTutela 676 $a363.690 945$v21$zita 700 1$aSettis,$bSalvatore$f<1941- >$010347 801 0$aIT$bUNINA$gRICA$2UNIMARC 901 $aBK 912 $a990008002920403321 952 $aURB.LE A 133$b14061$fFARBC 952 $a0-4-662-TI$fECA 952 $a705 SETS 01$bBibl. 48706$fFLFBC 952 $a17.427$b5096$fDARST 952 $aFL VARIE 16$bFL-221$fDECBC 959 $aFARBC 959 $aECA 959 $aFLFBC 959 $aDARST 959 $aDECBC 996 $aItalia S.p.A$965428 997 $aUNINA LEADER 02079oam 2200541 450 001 9910706157603321 005 20170830140004.0 035 $a(CKB)5470000002454851 035 $a(OCoLC)858273925 035 $a(EXLCZ)995470000002454851 100 $a20130912j199909 ua 0 101 0 $aeng 135 $aurbn||||a|a|| 181 $ctxt$2rdacontent 182 $cc$2rdamedia 183 $acr$2rdacarrier 200 10$aProgress in the development of lightweight nickel electrode for nickel-hydrogen cell /$fDoris L. Britton 210 1$aCleveland, Ohio :$cNational Aeronautics and Space Administration, Glenn Research Center,$dSeptember 1999. 215 $a1 online resource (4 pages) $cillustrations 225 1 $aNASA/TM ;$v1999-209430 225 1 $aSAE ;$v99-01-257. 300 $a"September 1999." 300 $a"Prepared for the 34th Intersociety Energy Conversion Engineering Conference sponsored by the Society of Automotive Engineers, Vancouver, British Columbia, Canada, August 1-5, 1999." 300 $aPerforming organization: National Aeronautics and Space Administration, John H. Glenn Research Center at Lewis Field"--Report documentation page. 320 $aIncludes bibliographical references (page 4). 606 $aResearch and development$2nasat 606 $aNASA programs$2nasat 606 $aSpace programs$2nasat 606 $aEnergy storage$2nasat 606 $aHydrogen-based energy$2nasat 606 $aNickel hydrogen batteries$2nasat 615 7$aResearch and development. 615 7$aNASA programs. 615 7$aSpace programs. 615 7$aEnergy storage. 615 7$aHydrogen-based energy. 615 7$aNickel hydrogen batteries. 700 $aBritton$b Doris L.$01392420 712 02$aNASA Glenn Research Center, 801 0$bOCLCE 801 1$bOCLCE 801 2$bOCLCO 801 2$bOCLCQ 801 2$bGPO 906 $aBOOK 912 $a9910706157603321 996 $aProgress in the development of lightweight nickel electrode for nickel-hydrogen cell$93447120 997 $aUNINA